000 01048nam a2200313Ia 4500
003 OSt
005 20221007122529.0
006 a|||||r|||| 00| 0
007 ta
008 221006b |||||||| |||| 00| 0 eng d
020 _a9783642007095 (hbd)
024 _a109422
037 _b2954, 19/07/2010, New India Book Agency
_cTextbook
040 _aPAPL
_cPAPL
_beng
041 _2eng
_aeng
082 _aC6:212, N9;Q0 Carpa
100 _aYu Peter Y
245 0 _aFundamentals of sesmiconductors: Physics and materials properties
_b Cardona Manuel
250 _a4
260 _aHeidelberg
_bSpringer
_c2010
300 _axx, 775p. ill.
_ccm.
490 _aGraduate texts in physics
500 _aAppendices A-D, 553-718p.; References 719-754p.; Index 755-775p.
650 _a Semiconductors
_9468426
650 _aPhysics
700 _a Cardona Manuel
942 _hC6:212, N9;Q0 Carpa
_cTB
_2CC
999 _c1210515
_d1210515